Airline Callsigns - United States - Statistics

General Stats
  • This quiz has been taken 36 times
  • The average score is 15 of 18
Answer Stats
Airline Callsign % Correct
American Airlines American
100%
Delta Air Lines Delta
100%
Alaska Airlines Alaska
96%
Allegiant Air Allegiant
96%
JetBlue Airways JetBlue
96%
Southwest Airlines Southwest
96%
UPS Airlines UPS
96%
FedEx Express FedEx
92%
Hawaiian Airlines Hawaiian
92%
United Airlines United
92%
Polar Air Cargo Polar
88%
Skywest Airlines Skywest
88%
Envoy Air Envoy
83%
Republic Airways Brickyard
63%
Frontier Air Lines Frontier Flight
63%
Spirit Airlines Spirit Wings
58%
Atlas Air Giant
50%
Kalitta Air Connie
38%
No matching quizzes found
Score Distribution
Percent of People with Each Score
Percentile by Number Answered
Your Score History
You have not taken this quiz